[Event "FIDE WCC Blitz Women 2019"]
[Site "Moscow"]
[Date "2019.12.29"]
[Round "8.42"]
[White "Dauletova, Gulmira"]
[Black "Hejazipour, Mitra"]
[Result "0-1"]
[WhiteElo "2112"]
[BlackElo "2191"]
[Annotator "NA"]
[PlyCount "138"]
[EventDate "2019.12.29"]
[EventType "swiss"]
[EventCountry "RUS"]
[SourceTitle "playchess.com"]
[Source "ChessBase"]
[SourceQuality "1"]

1. e4 c5 2. Nf3 d6 3. d4 cxd4 4. Nxd4 Nf6 5. Nc3 a6 6. g3 e5 7. Nde2 Be7 8. Bg2 b5 9. Nd5 Nbd7 10. Nec3 Bb7 11. O-O O-O 12. Ne3 g6 13. Ned5 Nxd5 14. Nxd5 Bxd5 15. Qxd5 Nb6 16. Qd3 Qc7 17. Re1 Rfd8 18. b3 Rac8 19. Re2 Nd7 20. Ba3 Nc5 21. Qd2 Ne6 22. Bb2 Qc5 23. Rd1 b4 24. Qd5 Qb6 25. Bh3 Rc5 26. Qd3 Ng5 27. Bg2 Rdc8 28. h4 Ne6 29. Bh3 Qc6 30. Rdd2 Rd8 31. Bg2 h5 32. Qe3 a5 33. Rd3 Rxc2 34. Red2 Rxd2 35. Qxd2 Rc8 36. Bh3 Qxe4 37. Bg2 Qf5 38. Qe2 Nc5 39. Rd2 a4 40. Qb5 a3 41. Ba1 Qb1+ 42. Qf1 Qxf1+ 43. Kxf1 Ne6 44. Ke2 Rc1 45. Rd1 Rc5 46. Bd5 Nc7 47. Bc4 d5 48. Bxe5 dxc4 49. Bxc7 Rxc7 50. bxc4 Rxc4 51. Rd7 Bf6 52. Rb7 Rc2+ 53. Ke3 Rxa2 54. Rxb4 Ra1 55. Ra4 a2 56. Kf3 Kg7 57. Ra6 Bd4 58. Kg2 Kf8 59. Ra4 Ke7 60. Ra6 Kd7 61. Ra4 Kc6 62. Ra8 Kc5 63. Ra6 Kc4 64. Ra4+ Kd3 65. Ra3+ Bc3 66. Ra7 Kc2 67. f3 Kb3 68. g4 hxg4 69. fxg4 Rc1 0-1

[Event "FIDE WCC Blitz Women 2019"]
[Site "Moscow"]
[Date "2019.12.29"]
[Round "8.43"]
[White "Badelka, Olga"]
[Black "Serikbay, Assel"]
[Result "0-1"]
[WhiteElo "2186"]
[BlackElo "2028"]
[Annotator "NA"]
[PlyCount "58"]
[EventDate "2019.12.29"]
[EventType "swiss"]
[EventCountry "RUS"]
[SourceTitle "playchess.com"]
[Source "ChessBase"]
[SourceQuality "1"]

1. c4 e5 2. g3 Nf6 3. Bg2 d5 4. cxd5 Nxd5 5. Nf3 Bd6 6. O-O c5 7. Nc3 Nb6 8. e3 O-O 9. d4 cxd4 10. exd4 Nc6 11. d5 Ne7 12. Ng5 h6 13. Nge4 a6 14. a4 Bf5 15. Nxd6 Qxd6 16. a5 Nd7 17. b3 Qg6 18. Ba3 Rfe8 19. Qd2 Rac8 20. Rac1 Nc5 21. Bxc5 Rxc5 22. d6 Nc6 23. b4 Rc4 24. b5 Nd4 25. bxa6 bxa6 26. Nd5 Rxc1 27. Rxc1 Qxd6 28. Qb2 Rb8 29. Qc3 Ne2+ 0-1

[Event "FIDE WCC Blitz Women 2019"]
[Site "Moscow"]
[Date "2019.12.29"]
[Round "8.44"]
[White "Nosacheva, Mariya"]
[Black "Bivol, Alina"]
[Result "0-1"]
[WhiteElo "2062"]
[BlackElo "2186"]
[Annotator "NA"]
[PlyCount "72"]
[EventDate "2019.12.29"]
[EventType "swiss"]
[EventCountry "RUS"]
[SourceTitle "playchess.com"]
[Source "ChessBase"]
[SourceQuality "1"]

1. e4 e6 2. d4 d5 3. Nc3 Bb4 4. exd5 exd5 5. Bd3 c5 6. a3 Bxc3+ 7. bxc3 c4 8. Be2 Nf6 9. Bf3 O-O 10. Ne2 Bf5 11. O-O h6 12. a4 Nc6 13. Rb1 Qd7 14. Nf4 Rfe8 15. Rb5 Be4 16. Nh5 Nxh5 17. Bxe4 Rxe4 18. Qxh5 Ne7 19. h3 a6 20. Rb4 Nc6 21. Rb1 Ne7 22. a5 Ng6 23. g3 Rae8 24. Kg2 Re2 25. Rb6 R2e6 26. Rb4 Qc7 27. Be3 Qxa5 28. Rxb7 Qxc3 29. Qxd5 Qxc2 30. Rc1 Qa2 31. Qxc4 Qa5 32. d5 Rxe3 33. fxe3 Qd2+ 34. Kh1 Rxe3 35. Qc8+ Kh7 36. Rbb1 Qxd5+ 0-1

[Event "FIDE WCC Blitz Women 2019"]
[Site "Moscow"]
[Date "2019.12.29"]
[Round "8.45"]
[White "Komiagina, Maria"]
[Black "Balaian, Alina"]
[Result "1/2-1/2"]
[WhiteElo "2106"]
[BlackElo "2173"]
[Annotator "NA"]
[PlyCount "91"]
[EventDate "2019.12.29"]
[EventType "swiss"]
[EventCountry "RUS"]
[SourceTitle "playchess.com"]
[Source "ChessBase"]
[SourceQuality "1"]

1. c4 Nf6 2. Nc3 g6 3. g3 d5 4. cxd5 Nxd5 5. Bg2 Nb6 6. d4 Bg7 7. Nf3 Nc6 8. e3 O-O 9. O-O Re8 10. Qe2 e5 11. dxe5 Nxe5 12. Nxe5 Bxe5 13. Rd1 Qe7 14. Bd2 c6 15. Rac1 Be6 16. b3 Rad8 17. e4 Qa3 18. Be1 Bg7 19. Qe3 Qe7 20. h3 Rxd1 21. Rxd1 Rd8 22. Rxd8+ Qxd8 23. Ne2 Qd1 24. Nf4 Bd4 25. Qd2 Qxd2 26. Bxd2 Bc8 27. Ne2 Bb2 28. Be3 Be6 29. f4 Nc8 30. Kf2 b6 31. Bd4 Ba3 32. Ke3 Nd6 33. g4 Nb5 34. Bf6 Bc5+ 35. Kd3 a5 36. f5 Bc8 37. Nc3 Ba6 38. Nxb5 Bxb5+ 39. Kc2 a4 40. e5 Bd4 41. b4 a3 42. Kb3 Bb2 43. Bf3 gxf5 44. gxf5 Kf8 45. h4 Ke8 46. h5 1/2-1/2

[Event "FIDE WCC Blitz Women 2019"]
[Site "Moscow"]
[Date "2019.12.29"]
[Round "8.46"]
[White "Agrest, Inna"]
[Black "Danielian, Elina"]
[Result "0-1"]
[WhiteElo "2180"]
[BlackElo "2341"]
[Annotator "TA"]
[PlyCount "58"]
[EventDate "2019.12.29"]
[EventType "swiss"]
[EventCountry "RUS"]
[SourceTitle "playchess.com"]
[Source "ChessBase"]
[SourceQuality "1"]

1. e4 d6 2. d4 Nf6 3. Nc3 c6 4. Nf3 Bg4 5. h3 Bh5 6. Bd3 e6 7. Qe2 Be7 8. Bd2 d5 9. exd5 cxd5 10. g4 Bg6 11. Bb5+ Nfd7 12. Ne5 a6 13. Ba4 b5 14. Bb3 Nxe5 15. dxe5 Nc6 16. O-O-O Nd4 17. Qe3 Bc5 18. Qg5 Qxg5 19. Bxg5 Nxb3+ 20. axb3 Bxf2 21. h4 h6 22. Bd2 Rc8 23. Rh2 Bg3 24. Rh3 Bxe5 25. Re1 Bd6 26. Nxd5 Rxc2+ 27. Kd1 Rxb2 28. Bc1 Rg2 29. h5 Bc2# 0-1

[Event "FIDE WCC Blitz Women 2019"]
[Site "Moscow"]
[Date "2019.12.29"]
[Round "8.47"]
[White "Sgircea, Silvia-Raluca"]
[Black "Potapova, Margarita"]
[Result "1/2-1/2"]
[WhiteElo "2154"]
[BlackElo "2259"]
[Annotator "NA"]
[PlyCount "123"]
[EventDate "2019.12.29"]
[EventType "swiss"]
[EventCountry "RUS"]
[SourceTitle "playchess.com"]
[Source "ChessBase"]
[SourceQuality "1"]

1. Nf3 Nf6 2. c4 e6 3. Nc3 d5 4. e3 dxc4 5. Bxc4 Nbd7 6. O-O Be7 7. Qe2 O-O 8. Rd1 a6 9. d4 b5 10. Bb3 Bb7 11. a4 b4 12. Nb1 Qc8 13. Nbd2 c5 14. Nc4 a5 15. Bd2 Ba6 16. Rac1 cxd4 17. exd4 Qd8 18. Nfe5 Rc8 19. Qf3 Nd5 20. Ne3 N7f6 21. Nc6 Qd7 22. Nxe7+ Nxe7 23. Bc4 Bb7 24. Qf4 Qxa4 25. b3 Qd7 26. Bf1 Ned5 27. Qg3 Ne4 28. Qg4 Nxd2 29. Rxc8 Rxc8 30. Rxd2 Nxe3 31. fxe3 Rc3 32. Bc4 a4 33. d5 Rc1+ 34. Kf2 Qd8 35. d6 a3 36. d7 Bd5 37. Bxd5 Qxd7 38. Qxb4 exd5 39. Qxa3 Qf5+ 40. Kg3 Qg5+ 41. Kf2 Qf5+ 42. Kg3 Rc8 43. Qb2 Re8 44. Qd4 h6 45. h3 Re4 46. Qxd5 Rxe3+ 47. Kh2 Re5 48. Qd3 Qf4+ 49. g3 Qg5 50. Kg2 Re6 51. Qd8+ Kh7 52. Qxg5 hxg5 53. b4 Re4 54. Rb2 Re6 55. b5 Rb6 56. Kf3 f5 57. h4 gxh4 58. gxh4 Kg6 59. Kf4 Kf6 60. h5 g5+ 61. hxg6 Kxg6 62. Rg2+ 1/2-1/2

[Event "FIDE WCC Blitz Women 2019"]
[Site "Moscow"]
[Date "2019.12.29"]
[Round "8.48"]
[White "Song, Yuxin"]
[Black "Osmak, Iulija"]
[Result "1/2-1/2"]
[WhiteElo "2128"]
[BlackElo "2242"]
[Annotator "NA"]
[PlyCount "140"]
[EventDate "2019.12.29"]
[EventType "swiss"]
[EventCountry "RUS"]
[SourceTitle "playchess.com"]
[Source "ChessBase"]
[SourceQuality "1"]

1. e4 Nc6 2. d4 d6 3. Nf3 Bg4 4. Be3 Nf6 5. Nbd2 e5 6. d5 Ne7 7. Bd3 Ng6 8. h3 Bd7 9. g3 Be7 10. Qe2 c6 11. c4 h6 12. O-O-O Qa5 13. Kb1 c5 14. Nb3 Qa4 15. Bc2 Qa6 16. Nfd2 b5 17. f4 Rb8 18. Bd3 Qb7 19. cxb5 Bxb5 20. Bxb5+ Qxb5 21. Qxb5+ Rxb5 22. Rhe1 Nh5 23. f5 Nf8 24. g4 Nf6 25. Bf2 N6d7 26. Nc4 Rb8 27. Nba5 Nb6 28. Nxb6 axb6 29. Nc6 Ra8 30. a3 Nd7 31. h4 Nf6 32. Nxe7 Nxg4 33. Nc6 Nxf2 34. Rd2 Ng4 35. Rg2 h5 36. Kc2 Kd7 37. Kc3 Ra4 38. Rg3 b5 39. Kb3 Rha8 40. Re2 Rc4 41. Rg1 Ke8 42. Rge1 Kf8 43. Rd1 Nf6 44. Rde1 Raa4 45. Nd8 Rxe4 46. Nb7 Rxe2 47. Rxe2 Ra6 48. Nd8 Nxd5 49. Rd2 Ne7 50. Nb7 d5 51. Nxc5 Ra7 52. Kb4 Nc6+ 53. Kxb5 Nd4+ 54. Kb6 Ra8 55. Nd7+ Ke7 56. Nxe5 Nxf5 57. Rxd5 Rb8+ 58. Kc7 Rxb2 59. Nxf7 Nxh4 60. Rxh5 Kxf7 61. Rxh4 Ra2 62. a4 g5 63. Rc4 Ke6 64. Kb6 Kf5 65. a5 g4 66. Rc8 g3 67. Rg8 g2 68. a6 Kf4 69. a7 Kf3 70. Kb7 Kf2 1/2-1/2

[Event "FIDE WCC Blitz Women 2019"]
[Site "Moscow"]
[Date "2019.12.29"]
[Round "8.49"]
[White "Khokhlova, Daria"]
[Black "Strutinskaia, Galina"]
[Result "1-0"]
[WhiteElo "2109"]
[BlackElo "2227"]
[Annotator "NA"]
[PlyCount "108"]
[EventDate "2019.12.29"]
[EventType "swiss"]
[EventCountry "RUS"]
[SourceTitle "playchess.com"]
[Source "ChessBase"]
[SourceQuality "1"]

1. d4 Nf6 2. c4 e6 3. Nc3 d5 4. e3 c6 5. Nf3 Nbd7 6. b3 Bd6 7. Bd3 a6 8. O-O O-O 9. Bb2 Re8 10. Qc2 h6 11. e4 dxc4 12. bxc4 e5 13. d5 Nc5 14. Na4 Nxd3 15. Qxd3 b5 16. Nc3 bxc4 17. Qxc4 Rb8 18. Rab1 cxd5 19. Nxd5 Bg4 20. Nd2 Qc8 21. Nxf6+ gxf6 22. Qd3 Rd8 23. Qg3 Kh7 24. Rfc1 Qd7 25. Nc4 Bc7 26. Ne3 Rg8 27. Qh4 Bd8 28. Nd5 Rg6 29. Qg3 a5 30. Qe3 a4 31. Ba3 Rxb1 32. Rxb1 Be6 33. Rd1 Qb5 34. Qd3 Qb8 35. g3 h5 36. Rb1 Qc8 37. Rc1 Qb7 38. Ne3 Ba5 39. Qe2 Bg4 40. Nxg4 hxg4 41. Qc4 Kg7 42. Qc5 Bb6 43. Qf8+ Kh7 44. Rc8 Rg7 45. Qh8+ Kg6 46. Bf8 Bxf2+ 47. Kf1 Qb1+ 48. Kxf2 Qb2+ 49. Ke1 Qb1+ 50. Kd2 Qb2+ 51. Kd3 Qb1+ 52. Kc4 Qxe4+ 53. Kb5 Qb7+ 54. Kxa4 Qa6+ 1-0

[Event "FIDE WCC Blitz Women 2019"]
[Site "Moscow"]
[Date "2019.12.29"]
[Round "8.50"]
[White "Shafigullina, Zarina"]
[Black "Belenkaya, Dina"]
[Result "0-1"]
[WhiteElo "2052"]
[BlackElo "2203"]
[Annotator "NA"]
[PlyCount "86"]
[EventDate "2019.12.29"]
[EventType "swiss"]
[EventCountry "RUS"]
[SourceTitle "playchess.com"]
[Source "ChessBase"]
[SourceQuality "1"]

1. Nf3 d5 2. g3 Bg4 3. Bg2 Nd7 4. d4 Ngf6 5. O-O e6 6. c4 c6 7. Nbd2 Be7 8. Qc2 O-O 9. Re1 Bf5 10. Qb3 Qb6 11. h3 Qxb3 12. axb3 a6 13. Ne5 Nxe5 14. dxe5 Nd7 15. f4 Bc5+ 16. Kh2 Bb4 17. Rf1 Nc5 18. Nf3 Nxb3 19. Ra4 a5 20. Be3 dxc4 21. Nd4 Nxd4 22. Bxd4 b5 23. Raa1 c5 24. Bxa8 Rxa8 25. Bf2 Bc2 26. Be1 a4 27. g4 Rd8 28. f5 Rd5 29. Bg3 Rd2 30. Rac1 Rxe2+ 31. Rf2 Rxf2+ 32. Bxf2 Bd3 33. f6 gxf6 34. exf6 a3 35. bxa3 Bxa3 36. Re1 c3 37. Bg3 c2 38. Bf4 c4 39. Re5 Bd6 40. Rg5+ Kh8 41. Bxd6 c1=Q 42. h4 Qd2+ 43. Kg3 Qe3+ 0-1

[Event "FIDE WCC Blitz Women 2019"]
[Site "Moscow"]
[Date "2019.12.29"]
[Round "8.51"]
[White "Lysenko, Margarita"]
[Black "Novikova, Anna"]
[Result "1-0"]
[WhiteElo "2188"]
[BlackElo "2045"]
[Annotator "NA"]
[PlyCount "107"]
[EventDate "2019.12.29"]
[EventType "swiss"]
[EventCountry "RUS"]
[SourceTitle "playchess.com"]
[Source "ChessBase"]
[SourceQuality "1"]

1. d4 d5 2. c4 e6 3. Nc3 c6 4. cxd5 exd5 5. Qc2 Bd6 6. Nf3 h6 7. e4 dxe4 8. Nxe4 Bb4+ 9. Bd2 Bxd2+ 10. Qxd2 Nf6 11. Nc5 O-O 12. Be2 b6 13. Nd3 Ne4 14. Qc2 Bf5 15. O-O Re8 16. Rfe1 c5 17. Qa4 Nd7 18. Rad1 Qc7 19. Nde5 Nxe5 20. dxe5 Rad8 21. h3 Ng5 22. Qf4 Nxf3+ 23. Bxf3 Be6 24. a3 b5 25. Rd6 c4 26. Red1 Rc8 27. Bg4 Bxg4 28. hxg4 Rcd8 29. g5 hxg5 30. Qxg5 Rxd6 31. exd6 Qd7 32. Qd5 g6 33. g3 Re6 34. Rd4 Kg7 35. Kg2 a5 36. Kg1 Rf6 37. Qc5 b4 38. axb4 axb4 39. Qxb4 Qf5 40. Qd2 Qd7 41. Qd1 Re6 42. Qd2 Rf6 43. Rd5 Re6 44. Qd4+ f6 45. Qd2 Re5 46. Rxe5 fxe5 47. Qd5 Kf6 48. Qxc4 Qxd6 49. b4 Qd1+ 50. Kg2 Qb1 51. b5 e4 52. Qc6+ Kf5 53. b6 Qd1 54. Qb5+ 1-0

[Event "FIDE WCC Blitz Women 2019"]
[Site "Moscow"]
[Date "2019.12.29"]
[Round "8.52"]
[White "Nilssen, Ellen Fredericia"]
[Black "Tomilova, Elena"]
[Result "1-0"]
[WhiteElo "2162"]
[BlackElo "2219"]
[Annotator "NA"]
[PlyCount "125"]
[EventDate "2019.12.29"]
[EventType "swiss"]
[EventCountry "RUS"]
[SourceTitle "playchess.com"]
[Source "ChessBase"]
[SourceQuality "1"]

1. d4 Nf6 2. c4 e6 3. Nf3 b6 4. a3 Bb7 5. Nc3 Ne4 6. g3 Nxc3 7. bxc3 Be7 8. Bg2 O-O 9. O-O d6 10. Qc2 f5 11. Ne1 Bxg2 12. Nxg2 e5 13. e4 fxe4 14. Qxe4 Nd7 15. Be3 Kh8 16. Rab1 Nf6 17. Qc6 Qd7 18. Qxd7 Nxd7 19. f4 e4 20. d5 Bf6 21. Bd4 Nc5 22. Rfe1 Rfe8 23. Re3 Re7 24. Rbe1 Rae8 25. R1e2 Kg8 26. Ne1 Kf7 27. Nc2 Nb3 28. Bxf6 Kxf6 29. Nb4 Na5 30. Re1 Nxc4 31. R3e2 Na5 32. Kf2 h5 33. h3 Kf5 34. Ke3 Nc4+ 35. Kd4 Na5 36. Rg1 e3 37. Kd3 Re4 38. Nc2 Nc4 39. Nd4+ Kf6 40. Kxc4 a6 41. Kd3 b5 42. Rge1 h4 43. Rxe3 Rxe3+ 44. Rxe3 Rxe3+ 45. Kxe3 hxg3 46. Kf3 g5 47. fxg5+ Kxg5 48. Nc6 Kh4 49. Kg2 Kg5 50. Nb8 a5 51. Na6 Kf5 52. Nxc7 Ke4 53. Nxb5 Kxd5 54. Kxg3 Kc5 55. a4 d5 56. h4 Kc4 57. h5 Kb3 58. h6 Kxa4 59. h7 Kxb5 60. h8=Q Kc4 61. Qd4+ Kb3 62. Qxd5+ Kxc3 63. Qxa5+ 1-0

[Event "FIDE WCC Blitz Women 2019"]
[Site "Moscow"]
[Date "2019.12.29"]
[Round "8.53"]
[White "Barchuk, Irina"]
[Black "Kovanova, Baira"]
[Result "0-1"]
[WhiteElo "2047"]
[BlackElo "2218"]
[Annotator "NA"]
[PlyCount "82"]
[EventDate "2019.12.29"]
[EventType "swiss"]
[EventCountry "RUS"]
[SourceTitle "playchess.com"]
[Source "ChessBase"]
[SourceQuality "1"]

1. e4 e5 2. Nf3 Nc6 3. d4 exd4 4. Bc4 Nf6 5. e5 d5 6. Bb5 Ne4 7. Nxd4 Bd7 8. Bxc6 bxc6 9. O-O Be7 10. Nd2 Nxd2 11. Bxd2 c5 12. Nf3 O-O 13. Bf4 Rb8 14. Qxd5 Rxb2 15. Rfd1 Be6 16. Qc6 Qb8 17. c3 Qb6 18. Qa4 h6 19. Be3 Qb7 20. Nd2 Rd8 21. Nc4 Rxd1+ 22. Rxd1 Rb1 23. Na5 Qb6 24. Qc2 Rxd1+ 25. Qxd1 Qxa5 26. h3 Qxa2 27. Qd3 Qd5 28. Qa6 Qxe5 29. Qxa7 Bd6 30. g3 Bxh3 31. Kh2 Be6 32. Bf4 Qh5+ 33. Kg1 Bd5 34. Kf1 Bc4+ 35. Kg1 Bxf4 36. gxf4 Qg4+ 37. Kh2 Bd5 38. Qb8+ Kh7 39. Qb1+ f5 40. Qf1 Qh4+ 41. Qh3 Qxf2+ 0-1

[Event "FIDE WCC Blitz Women 2019"]
[Site "Moscow"]
[Date "2019.12.29"]
[Round "8.54"]
[White "Muetsch, Annmarie"]
[Black "Mikhaylova, Irina"]
[Result "0-1"]
[WhiteElo "2202"]
[BlackElo "2090"]
[Annotator "NA"]
[PlyCount "167"]
[EventDate "2019.12.29"]
[EventType "swiss"]
[EventCountry "RUS"]
[SourceTitle "playchess.com"]
[Source "ChessBase"]
[SourceQuality "1"]

1. e4 c5 2. Nf3 Nc6 3. Bb5 e6 4. O-O Nge7 5. Re1 Ng6 6. c3 Be7 7. d4 cxd4 8. cxd4 d5 9. e5 O-O 10. Nc3 Bd7 11. Be3 Rc8 12. Bd3 Na5 13. Qe2 Nc4 14. Rec1 Qb6 15. Rab1 Nxe3 16. fxe3 Rfd8 17. h4 Nf8 18. h5 h6 19. Nh2 Bg5 20. Nf3 Be7 21. Qf2 Be8 22. Rf1 Qc7 23. Rbc1 Qb8 24. Bb5 Bxb5 25. Nxb5 Rxc1 26. Rxc1 a6 27. Nc3 Rd7 28. Rf1 Qe8 29. Qc2 b5 30. Ne2 Qd8 31. Rc1 Bg5 32. Nxg5 Qxg5 33. Nf4 Qg3 34. Qf2 Qg4 35. Qf3 Qf5 36. Qe2 Qg5 37. Rc8 Rd8 38. Qc2 Rxc8 39. Qxc8 Qg3 40. Qc1 g5 41. hxg6 fxg6 42. Qd2 Qg4 43. Qe2 Qxe2 44. Nxe2 Nd7 45. b3 Nb8 46. Nc1 Nc6 47. Nd3 Kf7 48. a3 Nb8 49. Nc5 Ke7 50. Kf2 a5 51. Kg3 Nc6 52. Kh4 Nd8 53. g4 Nc6 54. Kg3 Nd8 55. Kf4 Nc6 56. Kf3 Nb8 57. e4 dxe4+ 58. Kxe4 h5 59. gxh5 gxh5 60. Kf4 Nc6 61. Ke4 h4 62. Nd3 h3 63. Nf2 h2 64. a4 bxa4 65. bxa4 Kd7 66. d5 Ne7 67. dxe6+ Kxe6 68. Kf3 Nd5 69. Kg2 Nc3 70. Nd3 Nxa4 71. Kxh2 Kd5 72. Kg3 Nc5 73. Nb2 Kd4 74. Kf4 Kc3 75. Nd1+ Kd2 76. Nb2 Kc3 77. Nd1+ Kc2 78. Ne3+ Kb3 79. Kf5 a4 80. e6 Nxe6 81. Kxe6 a3 82. Nf1 a2 83. Nd2+ Kc2 84. Kf7 0-1

[Event "FIDE WCC Blitz Women 2019"]
[Site "Moscow"]
[Date "2019.12.29"]
[Round "8.55"]
[White "Bogumil, Tatiana"]
[Black "Lelekova, Olga"]
[Result "1-0"]
[WhiteElo "1996"]
[BlackElo "2176"]
[Annotator "NA"]
[PlyCount "77"]
[EventDate "2019.12.29"]
[EventType "swiss"]
[EventCountry "RUS"]
[SourceTitle "playchess.com"]
[Source "ChessBase"]
[SourceQuality "1"]

1. Nf3 c5 2. c4 Nc6 3. Nc3 e6 4. g3 Nf6 5. Bg2 Be7 6. O-O O-O 7. d4 cxd4 8. Nxd4 a6 9. e4 Qc7 10. b3 Rb8 11. Bb2 d6 12. Rc1 Qa5 13. h3 Rd8 14. Kh2 Bd7 15. a3 Ne5 16. f4 Ng6 17. Qe2 e5 18. b4 Qc7 19. Nd5 Nxd5 20. cxd5 Qb6 21. fxe5 dxe5 22. Nf5 Bf6 23. Qf2 Qxf2 24. Rxf2 Bxf5 25. Rxf5 Ne7 26. Rff1 Rbc8 27. Bf3 Ng6 28. Rxc8 Rxc8 29. Rc1 Rxc1 30. Bxc1 Be7 31. h4 Nf8 32. Bg4 g6 33. Bc8 a5 34. bxa5 Bc5 35. Bxb7 Nd7 36. a4 Kf8 37. a6 Ke7 38. a5 Nf6 39. Ba3 1-0

[Event "FIDE WCC Blitz Women 2019"]
[Site "Moscow"]
[Date "2019.12.29"]
[Round "8.56"]
[White "Ovod, Evgenija"]
[Black "Antonova, Nadezhda"]
[Result "1-0"]
[WhiteElo "2163"]
[BlackElo "1914"]
[Annotator "NA"]
[PlyCount "85"]
[EventDate "2019.12.29"]
[EventType "swiss"]
[EventCountry "RUS"]
[SourceTitle "playchess.com"]
[Source "ChessBase"]
[SourceQuality "1"]

1. e4 d6 2. d4 Nf6 3. Bd3 e5 4. c3 Be7 5. Nf3 Nbd7 6. O-O O-O 7. Re1 c6 8. Nbd2 Re8 9. Nf1 Bf8 10. Ng3 g6 11. h3 Bg7 12. Be3 a5 13. a4 Nf8 14. Qc2 h6 15. Rad1 Qc7 16. Qc1 Kh7 17. Nh2 Be6 18. f4 Bb3 19. Bc2 Bxc2 20. Qxc2 Re7 21. dxe5 dxe5 22. f5 Rd8 23. Qf2 Rxd1 24. Rxd1 N8d7 25. Qf3 b5 26. Ra1 bxa4 27. Rxa4 Nb6 28. Rxa5 Nc4 29. Ra7 Qd8 30. Rxe7 Qxe7 31. Bc1 Qa7+ 32. Qf2 Qa1 33. Qc2 Bf8 34. Nhf1 Bc5+ 35. Kh2 Kg7 36. fxg6 fxg6 37. b3 Nd6 38. b4 Bb6 39. Qd2 Ndxe4 40. Qxh6+ Kf7 41. Bg5 Nxg5 42. Qxg5 Qxc3 43. Qxf6+ 1-0

[Event "FIDE WCC Blitz Women 2019"]
[Site "Moscow"]
[Date "2019.12.29"]
[Round "8.57"]
[White "Manakova, Maria"]
[Black "Munkhzul, Davaakhuu"]
[Result "1-0"]
[WhiteElo "2149"]
[BlackElo "1973"]
[Annotator "NA"]
[PlyCount "100"]
[EventDate "2019.12.29"]
[EventType "swiss"]
[EventCountry "RUS"]
[SourceTitle "playchess.com"]
[Source "ChessBase"]
[SourceQuality "1"]

1. e4 e5 2. Nf3 Nc6 3. Bc4 Bc5 4. O-O Nf6 5. d3 O-O 6. c3 a6 7. h3 Ba7 8. Re1 d6 9. Bb3 Be6 10. Bc2 h6 11. Nbd2 Re8 12. Nf1 Ne7 13. d4 Ng6 14. d5 Bd7 15. Ng3 b5 16. Nh2 c6 17. dxc6 Bxc6 18. Nf5 d5 19. exd5 Nxd5 20. Ng4 Ndf4 21. Nge3 Bxe3 22. Nxe3 Qg5 23. Qg4 Nh4 24. Qxg5 hxg5 25. f3 Rad8 26. a4 bxa4 27. Bxa4 Bxa4 28. Rxa4 Nd3 29. Rd1 Ng6 30. Nc4 Nxc1 31. Rxc1 Nf4 32. Re1 Nd3 33. Re3 Re6 34. Ra5 f5 35. b3 f4 36. Re4 Nc1 37. Raxe5 Rxe5 38. Rxe5 Nxb3 39. Rxg5 Rd1+ 40. Kh2 Rc1 41. Nd6 Rxc3 42. Nf5 Rc7 43. Rg4 Rf7 44. Nh6+ Kf8 45. Nxf7 Kxf7 46. Rxf4+ Kg8 47. Ra4 Nc5 48. Ra5 Ne6 49. Rxa6 Kf7 50. Kg3 Kf6 1-0

[Event "FIDE WCC Blitz Women 2019"]
[Site "Moscow"]
[Date "2019.12.29"]
[Round "8.58"]
[White "Afonasieva, Anna"]
[Black "Nur-Mukhametova, Alisa"]
[Result "1-0"]
[WhiteElo "2099"]
[BlackElo "1832"]
[Annotator "NA"]
[PlyCount "80"]
[EventDate "2019.12.29"]
[EventType "swiss"]
[EventCountry "RUS"]
[SourceTitle "playchess.com"]
[Source "ChessBase"]
[SourceQuality "1"]

1. d4 Nf6 2. Nf3 g6 3. c4 Bg7 4. g3 O-O 5. Bg2 d5 6. cxd5 Nxd5 7. O-O Nc6 8. e4 Nb6 9. d5 Na5 10. Nc3 c6 11. Nd4 e5 12. Nc2 cxd5 13. exd5 Nac4 14. b3 Nd6 15. Ba3 e4 16. Nxe4 Nxe4 17. Bxe4 Re8 18. Bg2 Bxa1 19. Qxa1 Bf5 20. Ne3 Be4 21. d6 Nd7 22. Nd5 Bxd5 23. Bxd5 Rb8 24. Bb2 Qg5 25. Bc4 b5 26. Bh8 Qh6 27. Bd5 Nb6 28. Bc6 Red8 29. Be5 Nd7 30. Bd4 f5 31. Re1 Re8 32. Bxd7 Qf8 33. Bxe8 Rxe8 34. d7 Rd8 35. Qc3 Rxd7 36. Be3 Qd8 37. Qc5 Rd5 38. Qxa7 b4 39. Qb6 Qd7 40. Qxb4 Qd8 1-0

[Event "FIDE WCC Blitz Women 2019"]
[Site "Moscow"]
[Date "2019.12.29"]
[Round "8.59"]
[White "Gvanceladze, Anna"]
[Black "Geller, Anastasiya"]
[Result "1-0"]
[WhiteElo "2066"]
[BlackElo "2073"]
[Annotator "NA"]
[PlyCount "97"]
[EventDate "2019.12.29"]
[EventType "swiss"]
[EventCountry "RUS"]
[SourceTitle "playchess.com"]
[Source "ChessBase"]
[SourceQuality "1"]

1. Nf3 d5 2. d4 e6 3. c4 c6 4. cxd5 exd5 5. Nc3 Be7 6. Qc2 Nf6 7. Bg5 O-O 8. e3 Re8 9. Bd3 h6 10. Bf4 Nbd7 11. h3 Nf8 12. O-O b6 13. Ne5 Bb7 14. Ne2 Rc8 15. Bf5 Ne6 16. Bxe6 fxe6 17. Qg6 Ne4 18. Qxe6+ Kh7 19. Qg6+ Kg8 20. Bxh6 Bf6 21. Qf7+ Kh7 22. Qg6+ Kg8 23. Bxg7 Bxg7 24. Qf7+ Kh7 25. Qxb7 Rc7 26. Qa6 Bxe5 27. dxe5 Rxe5 28. Qd3 Kg8 29. f3 Nc5 30. Qd4 Rg5 31. Nf4 Rcg7 32. b4 Ne6 33. Nxe6 Rxg2+ 34. Kh1 Qd6 35. Nf4 R2g3 36. Kh2 Qh6 37. Rg1 Rxg1 38. Rxg1 Rxg1 39. Kxg1 Qg5+ 40. Kf2 Qh4+ 41. Ke2 Qg3 42. Qf6 Qh2+ 43. Kd3 Qxa2 44. Qg6+ Kf8 45. Qf6+ Ke8 46. Qxc6+ Ke7 47. Qb7+ Ke8 48. Qxd5 Qa3+ 49. Ke4 1-0

[Event "FIDE WCC Blitz Women 2019"]
[Site "Moscow"]
[Date "2019.12.29"]
[Round "8.60"]
[White "Fatianova, Tatiana"]
[Black "Zhuravleva, Olga"]
[Result "1-0"]
[WhiteElo "2029"]
[BlackElo "2127"]
[Annotator "NA"]
[PlyCount "127"]
[EventDate "2019.12.29"]
[EventType "swiss"]
[EventCountry "RUS"]
[SourceTitle "playchess.com"]
[Source "ChessBase"]
[SourceQuality "1"]

1. e4 e5 2. Nf3 Nc6 3. Nc3 Nf6 4. d4 exd4 5. Nxd4 Bb4 6. Nxc6 bxc6 7. Bd3 d5 8. exd5 cxd5 9. O-O O-O 10. Bg5 c6 11. Qf3 Be7 12. h3 Be6 13. b3 Rb8 14. Rfd1 h6 15. Bf4 Bd6 16. Ne2 Rb4 17. c4 Qb8 18. Bd2 Rb7 19. Bxh6 Be5 20. Bf4 Re8 21. Rac1 Rbe7 22. Bxe5 Qxe5 23. Ng3 d4 24. Qxc6 Bc8 25. Qf3 Bb7 26. Qf5 g6 27. Qxe5 Rxe5 28. Bb1 Nd7 29. Kh2 Nc5 30. Rxd4 Re1 31. Rcd1 Rxd1 32. Rxd1 Kg7 33. Bc2 a6 34. b4 Ne6 35. Rd7 Bc6 36. Rd6 Bb7 37. Be4 Bc8 38. Bc6 Re7 39. b5 axb5 40. cxb5 Nc5 41. Rd5 Ne6 42. a4 Ra7 43. b6 Ra6 44. a5 Nf4 45. Rc5 Nd3 46. Rc3 Nb4 47. b7 Bxb7 48. Bxb7 Rxa5 49. Rc7 Ra7 50. Rd7 Kf6 51. Bc8 Ra8 52. Rc7 Nd5 53. Rc5 Ne7 54. Bb7 Rb8 55. Bf3 Rb4 56. Ne4+ Kg7 57. Rc7 Nd5 58. Rd7 Nf4 59. Nd6 Ne6 60. Rxf7+ Kg8 61. Rf6 Nf8 62. Bd5+ Kg7 63. Rf7+ Kh6 64. Rxf8 1-0

[Event "FIDE WCC Blitz Women 2019"]
[Site "Moscow"]
[Date "2019.12.29"]
[Round "8.61"]
[White "Karavaeva, Olga"]
[Black "Guindy, Esmat Susanne"]
[Result "1-0"]
[WhiteElo "2174"]
[BlackElo "2120"]
[Annotator "NA"]
[PlyCount "71"]
[EventDate "2019.12.29"]
[EventType "swiss"]
[EventCountry "RUS"]
[SourceTitle "playchess.com"]
[Source "ChessBase"]
[SourceQuality "1"]

1. c4 e6 2. g3 d5 3. Bg2 Nf6 4. Nf3 Be7 5. O-O O-O 6. b3 c6 7. Bb2 b6 8. d3 Bb7 9. Nbd2 Nbd7 10. Qc2 c5 11. cxd5 Nxd5 12. a3 Bf6 13. Rac1 Rc8 14. Rfd1 Qc7 15. Ne4 Bxb2 16. Qxb2 Qb8 17. h4 N5f6 18. Neg5 h6 19. Nh3 Qa8 20. Nf4 e5 21. Nxe5 Bxg2 22. Nxg2 Nxe5 23. Qxe5 Rfe8 24. Qb2 Qd5 25. Nf4 Qd7 26. b4 cxb4 27. axb4 a5 28. bxa5 bxa5 29. Rxc8 Rxc8 30. Qa2 a4 31. Ra1 Ra8 32. Qa3 Qc7 33. Qb4 Qd7 34. Ra3 Ne8 35. Qe4 Nd6 36. Qxa8+ 1-0